Všetci tvoríme i ochraňujeme životné prostredie

Podrobná bibliografia
Hlavný autor: Zemaník, Peter, 1960- (Autor, Tazateľ)
Médium: Článok
Jazyk:slovenčina
ISSN:1335-4051
Predmet:
On-line prístup:http://www.parlamentnykurier.sk/kur143a144-07/10.pdf

MARC

LEADER 00000nab a2200000 a 4500
001 vtls008957606
003 SK-MaSNL
005 20260303070956.0
008 140429c2007 xo |||||||||||000 b|slo
015 |a SNBRB2007/03  |2 snkbucl 
040 |a SNKBUCL  |b slo  |c SNKBUCL  |e AACR2 
041 0 |a slo 
044 |a xo  |c SK 
080 |a 354:504  |x (437.6)  |2 2001 
100 1 |a Zemaník, Peter,  |d 1960-  |4 ivr  |4 aut  |9 1033267 
245 1 0 |a Všetci tvoríme i ochraňujeme životné prostredie  |c Peter Zemaník, Miroslav Izák 
610 1 7 |a Slovensko.  |b Ministerstvo životného prostredia  |2 snkbucl  |9 250390 
700 1 |a Izák, Miroslav  |4 ive  |9 1069095 
773 0 |t Parlamentný kuriér  |g Roč. XV, č. CXLIII-CXLIV (2007), s. 10-11  |x 1335-4051 
852 |a SNK  |b KIS3GCP 
856 4 1 |u http://www.parlamentnykurier.sk/kur143a144-07/10.pdf 
958 |a SK 
999 |c 1757784  |d 1759714